[Event "España tch DH-2 2009"]
[Site "Montcada i Reixac ESP"]
[Date "2009.09.18"]
[Round "3.22"]
[White "Markos, Jan"]
[Black "Antoli Royo, Joaquin Miguel"]
[Result "1-0"]
[WhiteElo "2565"]
[BlackElo "2400"]
[PlyCount "81"]
[EventDate "2009.09.16"]
[EventType "team"]
[EventRounds "5"]
[EventCountry "ESP"]
[Source "lmi"]
[SourceDate "2009.09.16"]
[WhiteTeam "U.E. Montcada"]
[BlackTeam "C.A. Jaime Casas"]

1. d4 Nf6 2. c4 c6 3. Nc3 d5 4. e3 g6 5. Nf3 Bg7 6. Be2 O-O 7. O-O dxc4 8. Bxc4
Bg4 9. h3 Bxf3 10. Qxf3 Nbd7 11. Rd1 e5 12. Bb3 Qe7 13. Bd2 Rad8 14. Rac1 Bh6
15. Ne2 exd4 16. Nxd4 c5 17. Qxb7 Rb8 18. Qxa7 cxd4 19. Qxd4 Rfc8 20. Bb4 Qe8
21. Rxc8 Qxc8 22. Bd6 Rb7 23. e4 Ne8 24. Be7 Bg7 25. Qd5 Ne5 26. Qd8 Qxd8 27.
Bxd8 Nc6 28. Ba4 Nd4 29. e5 Bxe5 30. Re1 f6 31. f4 Rb8 32. Ba5 Rxb2 33. fxe5
Rxa2 34. Bxe8 Rxa5 35. exf6 Rf5 36. Re4 Nb5 37. Bd7 Rc5 38. Re7 Rc1+ 39. Kf2
Nd6 40. Be6+ Kh8 41. Re8+ 1-0

[Event "España tch DH-2 2009"]
[Site "Montcada i Reixac ESP"]
[Date "2009.09.18"]
[Round "3.23"]
[White "Fontana Sotomayor, Luis Javier"]
[Black "Cuartas, Jaime Alexander"]
[Result "1/2-1/2"]
[WhiteElo "2373"]
[BlackElo "2543"]
[PlyCount "83"]
[EventDate "2009.09.16"]
[EventType "team"]
[EventRounds "5"]
[EventCountry "ESP"]
[Source "lmi"]
[SourceDate "2009.09.16"]
[WhiteTeam "C.A. Jaime Casas"]
[BlackTeam "U.E. Montcada"]

1. e4 c5 2. Nc3 Nc6 3. g3 g6 4. Bg2 Bg7 5. d3 e6 6. Be3 d6 7. f4 Nge7 8. Nf3
O-O 9. O-O b6 10. Qd2 Bb7 11. d4 d5 12. exd5 exd5 13. Ne2 Nf5 14. Bf2 Nd6 15.
c3 Ne4 16. Qd3 Ne7 17. g4 Qc8 18. Bh4 Re8 19. h3 Ba6 20. Qd1 Nc6 21. Re1 Bxe2
22. Rxe2 cxd4 23. cxd4 Nxd4 24. Nxd4 Qc5 25. Kh1 Qxd4 26. Qxd4 Bxd4 27. Bf3 Bf6
28. g5 Bg7 29. Rd1 Rad8 30. Be1 f5 31. gxf6 Nxf6 32. Rxe8+ Rxe8 33. Bh4 Ne4 34.
Rxd5 Bxb2 35. Rd7 a5 36. Be7 Ng3+ 37. Kh2 Nf5 38. Bd8 Bd4 39. Bd5+ Kh8 40. Bc4
Rf8 41. Bc7 Bc3 42. Bxb6 1/2-1/2

[Event "España tch DH-2 2009"]
[Site "Montcada i Reixac ESP"]
[Date "2009.09.18"]
[Round "3.24"]
[White "Comas Fabrego, Lluis"]
[Black "Cortes Lizano, Jesus"]
[Result "1-0"]
[WhiteElo "2519"]
[BlackElo "2173"]
[PlyCount "59"]
[EventDate "2009.09.16"]
[EventType "team"]
[EventRounds "5"]
[EventCountry "ESP"]
[Source "lmi"]
[SourceDate "2009.09.16"]
[WhiteTeam "U.E. Montcada"]
[BlackTeam "C.A. Jaime Casas"]

1. d4 Nf6 2. c4 e6 3. Nc3 Bb4 4. Nf3 b6 5. Bg5 h6 6. Bh4 g5 7. Bg3 Bxc3+ 8.
bxc3 d6 9. Nd2 Nh5 10. e3 Nxg3 11. hxg3 Bb7 12. Rh2 Nd7 13. Be2 Ke7 14. Qc2 Nf6
15. g4 c5 16. O-O-O cxd4 17. exd4 d5 18. Rdh1 dxc4 19. Rxh6 Rxh6 20. Rxh6 Qd6
21. g3 b5 22. Kb2 Bd5 23. Ka1 b4 24. Qc1 Rb8 25. Nxc4 Bxc4 26. Qxg5 Bd5 27.
Qxf6+ Kd7 28. Qxf7+ Kc6 29. Bf3 Rf8 30. Qxe6 1-0

[Event "España tch DH-2 2009"]
[Site "Montcada i Reixac ESP"]
[Date "2009.09.18"]
[Round "3.25"]
[White "Maza Broto, Pablo"]
[Black "Vidarte Morales, Arturo"]
[Result "0-1"]
[WhiteElo "1996"]
[BlackElo "2422"]
[PlyCount "68"]
[EventDate "2009.09.16"]
[EventType "team"]
[EventRounds "5"]
[EventCountry "ESP"]
[Source "lmi"]
[SourceDate "2009.09.16"]
[WhiteTeam "C.A. Jaime Casas"]
[BlackTeam "U.E. Montcada"]

1. e4 c5 2. Nf3 e6 3. Nc3 a6 4. g3 Nc6 5. Bg2 Qc7 6. d3 Nf6 7. O-O d6 8. Ng5 h6
9. Nh3 b5 10. f4 Bb7 11. Ne2 Be7 12. c3 e5 13. Nf2 Rd8 14. g4 exf4 15. Bxf4 Ne5
16. Ng3 Ng6 17. Qd2 Nxf4 18. Qxf4 Nh7 19. Nh3 O-O 20. Nf5 Bf6 21. d4 Bc8 22.
Nxd6 cxd4 23. Nxc8 Be5 24. Ne7+ Qxe7 25. Qf3 dxc3 26. bxc3 Qc5+ 27. Kh1 Qxc3
28. Qxc3 Bxc3 29. Rac1 b4 30. Rfd1 Nf6 31. g5 hxg5 32. Nxg5 Bd2 33. Rxd2 Rxd2
34. e5 Ng4 0-1

[Event "España tch DH-2 2009"]
[Site "Montcada i Reixac ESP"]
[Date "2009.09.18"]
[Round "3.26"]
[White "Hernando Rodrigo, Jose Maria"]
[Black "Buil Rello, Jose Antonio"]
[Result "1-0"]
[WhiteElo "2342"]
[BlackElo "1990"]
[PlyCount "71"]
[EventDate "2009.09.16"]
[EventType "team"]
[EventRounds "5"]
[EventCountry "ESP"]
[Source "lmi"]
[SourceDate "2009.09.16"]
[WhiteTeam "U.E. Montcada"]
[BlackTeam "C.A. Jaime Casas"]

1. d4 d5 2. c4 e6 3. Nc3 Nf6 4. cxd5 exd5 5. Bg5 c6 6. e3 Be7 7. Qc2 Nbd7 8.
Bd3 Nf8 9. Nf3 Ne6 10. Bh4 h6 11. O-O O-O 12. Rfd1 Re8 13. Ne5 Nf8 14. Rab1 Nh5
15. Bxe7 Qxe7 16. b4 Nf6 17. a4 Ng4 18. Nf3 Nf6 19. b5 c5 20. dxc5 Qxc5 21. Ne4
Nxe4 22. Bxe4 Qxc2 23. Bxc2 Be6 24. Bb3 Red8 25. Rbc1 Rac8 26. Kf1 Rxc1 27.
Rxc1 a6 28. Nd4 axb5 29. axb5 Rd6 30. Rc7 Rb6 31. f4 g6 32. Ke1 h5 33. Kd2 Kg7
34. Kc3 Kf6 35. Kb4 Nd7 36. e4 1-0

[Event "España tch DH-2 2009"]
[Site "Montcada i Reixac ESP"]
[Date "2009.09.18"]
[Round "3.31"]
[White "Ponomariov, Ruslan"]
[Black "Harikrishna, P."]
[Result "1/2-1/2"]
[WhiteElo "2741"]
[BlackElo "2673"]
[PlyCount "51"]
[EventDate "2009.09.16"]
[EventType "team"]
[EventRounds "5"]
[EventCountry "ESP"]
[Source "lmi"]
[SourceDate "2009.09.16"]
[WhiteTeam "Linex - Magic"]
[BlackTeam "C.A. Solvay"]

1. d4 d5 2. c4 c6 3. Nf3 Nf6 4. Nc3 e6 5. g3 Nbd7 6. Bg2 dxc4 7. O-O Be7 8. e4
O-O 9. Bf4 Re8 10. a4 a5 11. Qe2 b6 12. Nd2 Ba6 13. Nxc4 Bf8 14. Rfd1 Nd5 15.
Bc1 Nxc3 16. bxc3 Ne5 17. dxe5 Bxc4 18. Rxd8 Bxe2 19. Rxe8 Rxe8 20. Be3 Bc5 21.
Bxc5 bxc5 22. Bf1 Bf3 23. Bg2 Be2 24. Bf1 Bf3 25. Bg2 Be2 26. Bf1 1/2-1/2

[Event "España tch DH-2 2009"]
[Site "Montcada i Reixac ESP"]
[Date "2009.09.18"]
[Round "3.32"]
[White "Ganguly, Surya Shekhar"]
[Black "Shirov, Alexei"]
[Result "0-1"]
[WhiteElo "2634"]
[BlackElo "2730"]
[PlyCount "108"]
[EventDate "2009.09.16"]
[EventType "team"]
[EventRounds "5"]
[EventCountry "ESP"]
[Source "lmi"]
[SourceDate "2009.09.16"]
[WhiteTeam "C.A. Solvay"]
[BlackTeam "Linex - Magic"]

1. e4 e5 2. Nf3 Nc6 3. Bb5 a6 4. Ba4 Nf6 5. O-O b5 6. Bb3 Bc5 7. a4 Rb8 8. c3
d6 9. d4 Bb6 10. a5 Ba7 11. h3 O-O 12. Be3 Ra8 13. Nbd2 Bb7 14. Bc2 exd4 15.
cxd4 Re8 16. Bb1 Ne7 17. e5 Nfd5 18. Bxh7+ Kxh7 19. Ng5+ Kg8 20. Qh5 Ng6 21. e6
Rxe6 22. Qh7+ Kf8 23. Nxe6+ fxe6 24. Qxg6 Qf6 25. Qg3 Kg8 26. Nf3 Rf8 27. Rac1
Qf5 28. Rfe1 Rf7 29. Nh4 Qh5 30. Nf3 e5 31. dxe5 Nxe3 32. e6 Rf6 33. e7 Qe8 34.
fxe3 Bxf3 35. Rxc7 Bb8 36. Rc2 Be4 37. Rf2 Rxf2 38. Qxf2 Qxe7 39. Qf4 Ba7 40.
Kh1 Bc5 41. Qg4 d5 42. Qh5 Qf7 43. Qxf7+ Kxf7 44. Kg1 Ke6 45. Kf2 d4 46. exd4
Bxd4+ 47. Kg3 Kd5 48. Re2 Bd3 49. Rd2 Ke4 50. b3 b4 51. Kh4 g5+ 52. Kh5 Ke3 53.
Ra2 Bb1 54. Ra4 Bc3 0-1

[Event "España tch DH-2 2009"]
[Site "Montcada i Reixac ESP"]
[Date "2009.09.18"]
[Round "3.34"]
[White "Berg, Emanuel"]
[Black "Cheparinov, Ivan"]
[Result "1/2-1/2"]
[WhiteElo "2616"]
[BlackElo "2667"]
[PlyCount "110"]
[EventDate "2009.09.16"]
[EventType "team"]
[EventRounds "5"]
[EventCountry "ESP"]
[Source "lmi"]
[SourceDate "2009.09.16"]
[WhiteTeam "C.A. Solvay"]
[BlackTeam "Linex - Magic"]

1. e4 e5 2. Nf3 Nc6 3. Bb5 Nf6 4. O-O Nxe4 5. d4 Nd6 6. Bxc6 dxc6 7. dxe5 Nf5
8. Qxd8+ Kxd8 9. Nc3 Ke8 10. h3 h5 11. Ne2 Be7 12. Re1 Nh4 13. Nxh4 Bxh4 14.
Nd4 c5 15. Nb5 Kd7 16. Re4 Bd8 17. Be3 Kc6 18. a4 Be6 19. h4 Bd5 20. Rf4 g5 21.
hxg5 Bxg5 22. Rxf7 Bxf7 23. Bxg5 Be6 24. Nc3 Rag8 25. f4 h4 26. Kh2 h3 27. g3
a6 28. Rf1 Bf5 29. Rf2 Rh5 30. Bh4 b5 31. axb5+ axb5 32. Nd1 Kd5 33. Rd2+ Ke6
34. Ne3 Rh7 35. Rd5 Be4 36. Rxc5 Rf8 37. Kxh3 Rxh4+ 38. Kxh4 Rh8+ 39. Kg5 Rg8+
40. Kh4 Rh8+ 41. Kg5 Rg8+ 42. Kh6 Rxg3 43. f5+ Bxf5 44. Nxf5 Kxf5 45. Rxb5 Rg6+
46. Kh7 Rc6 47. c3 Rb6 48. Rxb6 cxb6 49. Kg7 Kxe5 50. Kf7 Kd5 51. Ke7 Kc4 52.
Kd6 Kb3 53. Kc6 Kxb2 54. c4 Kc3 55. Kxb6 Kxc4 1/2-1/2

[Event "España tch DH-2 2009"]
[Site "Montcada i Reixac ESP"]
[Date "2009.09.18"]
[Round "3.35"]
[White "Caruana, Fabiano"]
[Black "Ubilava, Elizbar"]
[Result "1-0"]
[WhiteElo "2662"]
[BlackElo "2534"]
[PlyCount "107"]
[EventDate "2009.09.16"]
[EventType "team"]
[EventRounds "5"]
[EventCountry "ESP"]
[Source "lmi"]
[SourceDate "2009.09.16"]
[WhiteTeam "Linex - Magic"]
[BlackTeam "C.A. Solvay"]

1. e4 c5 2. Nf3 e6 3. d4 cxd4 4. Nxd4 Nc6 5. Nc3 d6 6. g4 a6 7. Be3 Nge7 8. Nb3
b5 9. f4 Bb7 10. Qd2 Rc8 11. Bg2 Na5 12. Nxa5 Qxa5 13. Qf2 Rc4 14. O-O Nc8 15.
f5 e5 16. f6 Qc7 17. a3 gxf6 18. Qxf6 Rg8 19. h3 Qd7 20. Rf2 Qe6 21. Qh4 Be7
22. Qxh7 Qg6 23. Qxg6 fxg6 24. Raf1 Rc7 25. g5 Bd8 26. Bf3 Rf7 27. Bg4 Rgf8 28.
Rxf7 Rxf7 29. Be6 Rxf1+ 30. Kxf1 Nb6 31. b3 Ke7 32. Bg4 a5 33. Bf3 Bc6 34. h4
Nd7 35. Kf2 Nc5 36. Kg3 Kf7 37. Bxc5 dxc5 38. a4 b4 39. Nb1 c4 40. Nd2 c3 41.
Nc4 Bc7 42. Kf2 Bb7 43. Kg3 Bc6 44. Ne3 Bb6 45. Nd5 Bc5 46. Be2 Bd6 47. Kf3 Bb7
48. Bc4 Kf8 49. Ne3 Bc7 50. Nd5 Bd6 51. Nf6 Bc8 52. h5 Be7 53. h6 Bd8 54. Ne8
1-0

[Event "España tch DH-2 2009"]
[Site "Montcada i Reixac ESP"]
[Date "2009.09.18"]
[Round "3.36"]
[White "Perez Lopez, Jesus Maria"]
[Black "Perez Candelario, Manuel"]
[Result "0-1"]
[WhiteElo "2266"]
[BlackElo "2516"]
[PlyCount "66"]
[EventDate "2009.09.16"]
[EventType "team"]
[EventRounds "5"]
[EventCountry "ESP"]
[Source "lmi"]
[SourceDate "2009.09.16"]
[WhiteTeam "C.A. Solvay"]
[BlackTeam "Linex - Magic"]

1. d4 g6 2. e4 Bg7 3. c4 d6 4. Nc3 e5 5. Be3 exd4 6. Bxd4 Nf6 7. f3 O-O 8. Nge2
Nc6 9. Be3 Ne5 10. Nd4 c6 11. Be2 d5 12. cxd5 cxd5 13. exd5 Nxd5 14. Nxd5 Qxd5
15. Nb5 Qe6 16. Nc7 Nxf3+ 17. Kf2 Qe5 18. Nxa8 Ng5 19. Bf3 Nxf3 20. Qxf3 Qxb2+
21. Kg3 Be5+ 22. Bf4 g5 23. Bxe5 Qxe5+ 24. Kf2 Qb2+ 25. Kg3 Qe5+ 26. Kf2 Qb2+
27. Kg3 h5 28. h3 h4+ 29. Kh2 Qe5+ 30. g3 Qb2+ 31. Qg2 hxg3+ 32. Kxg3 Qe5+ 33.
Kf2 Qd4+ 0-1

[Event "España tch DH-2 2009"]
[Site "Montcada i Reixac ESP"]
[Date "2009.09.19"]
[Round "4.11"]
[White "Fier, Alexandr"]
[Black "Harikrishna, P."]
[Result "1-0"]
[WhiteElo "2644"]
[BlackElo "2673"]
[PlyCount "67"]
[EventDate "2009.09.16"]
[EventType "team"]
[EventRounds "5"]
[EventCountry "ESP"]
[Source "lmi"]
[SourceDate "2009.09.16"]
[WhiteTeam "SCC Sabadell"]
[BlackTeam "C.A. Solvay"]

1. d4 d5 2. c4 c6 3. Nf3 Nf6 4. Nc3 e6 5. Bg5 h6 6. Bh4 dxc4 7. e4 g5 8. Bg3 b5
9. Be2 Bb7 10. e5 Nd5 11. O-O Nd7 12. Nd2 Qb6 13. a4 a5 14. Rc1 Be7 15. Nde4
Nxc3 16. Nxc3 b4 17. Ne4 h5 18. Bxh5 c5 19. dxc5 Nxc5 20. Nd6+ Bxd6 21. exd6 c3
22. bxc3 b3 23. Re1 Rd8 24. Qg4 Qc6 25. f3 Rxd6 26. Bxd6 Qxd6 27. Rcd1 Qf4 28.
Rxe6+ Kf8 29. Qxf4 gxf4 30. Re5 Nxa4 31. Rd7 Rxh5 32. Rxh5 Ba6 33. Rxa5 b2 34.
Rd8+ 1-0

[Event "España tch DH-2 2009"]
[Site "Montcada i Reixac ESP"]
[Date "2009.09.19"]
[Round "4.12"]
[White "Ganguly, Surya Shekhar"]
[Black "Flores, Diego"]
[Result "1-0"]
[WhiteElo "2634"]
[BlackElo "2607"]
[PlyCount "65"]
[EventDate "2009.09.16"]
[EventType "team"]
[EventRounds "5"]
[EventCountry "ESP"]
[Source "lmi"]
[SourceDate "2009.09.16"]
[WhiteTeam "C.A. Solvay"]
[BlackTeam "SCC Sabadell"]

1. e4 c5 2. Nf3 e6 3. d4 cxd4 4. Nxd4 a6 5. Bd3 Qc7 6. O-O Nf6 7. Qe2 d6 8. c4
g6 9. Nc3 Bg7 10. h3 O-O 11. Rd1 b6 12. Nf3 Nc6 13. Be3 Bb7 14. Rac1 Nd7 15.
Bb1 Nc5 16. Qd2 Rad8 17. Nd5 exd5 18. cxd5 Qe7 19. dxc6 Bxc6 20. Bg5 f6 21. Bf4
d5 22. Nd4 Ba8 23. Qb4 Qa7 24. Nb3 dxe4 25. Nxc5 bxc5 26. Qc4+ Kh8 27. Bxe4
Bxe4 28. Rxd8 Rxd8 29. Qxe4 f5 30. Qc6 Bxb2 31. Rb1 Qg7 32. Rxb2 Qxb2 33. Qe6
1-0

[Event "España tch DH-2 2009"]
[Site "Montcada i Reixac ESP"]
[Date "2009.09.19"]
[Round "4.13"]
[White "Magem Badals, Jordi"]
[Black "Negi, Parimarjan"]
[Result "1-0"]
[WhiteElo "2553"]
[BlackElo "2615"]
[PlyCount "61"]
[EventDate "2009.09.16"]
[EventType "team"]
[EventRounds "5"]
[EventCountry "ESP"]
[Source "lmi"]
[SourceDate "2009.09.16"]
[WhiteTeam "SCC Sabadell"]
[BlackTeam "C.A. Solvay"]

1. e4 c5 2. Nf3 d6 3. d4 cxd4 4. Nxd4 Nf6 5. Nc3 a6 6. h3 e6 7. g4 d5 8. exd5
Nxd5 9. Bd2 Nb4 10. Nb3 Bd7 11. a3 Bc6 12. Rg1 Nd5 13. Bg2 Nb6 14. Qe2 Qc7 15.
O-O-O Be7 16. f4 Bxg2 17. Rxg2 N8d7 18. f5 e5 19. g5 O-O-O 20. Ne4 Kb8 21. Ba5
Qc6 22. Rg3 f6 23. Rc3 Qa4 24. Rxd7 Nxd7 25. Rc4 Qb5 26. Nc3 Qxa5 27. Nxa5 Nb6
28. Rc6 Nc8 29. Nxb7 Kxb7 30. Qxa6+ Kb8 31. Qb5+ 1-0

[Event "España tch DH-2 2009"]
[Site "Montcada i Reixac ESP"]
[Date "2009.09.19"]
[Round "4.14"]
[White "Berg, Emanuel"]
[Black "Almeida Quintana, Omar"]
[Result "0-1"]
[WhiteElo "2616"]
[BlackElo "2513"]
[PlyCount "88"]
[EventDate "2009.09.16"]
[EventType "team"]
[EventRounds "5"]
[EventCountry "ESP"]
[Source "lmi"]
[SourceDate "2009.09.16"]
[WhiteTeam "C.A. Solvay"]
[BlackTeam "SCC Sabadell"]

1. e4 g6 2. d4 Bg7 3. Nc3 d6 4. Be3 a6 5. h4 h6 6. Qd2 b5 7. O-O-O Bb7 8. Nh3
Nf6 9. f3 Nbd7 10. Nf4 c6 11. Kb1 h5 12. Qf2 Qc7 13. Nd3 Nb6 14. e5 Nfd5 15.
Nxd5 Nxd5 16. f4 Bc8 17. g3 Bf5 18. Bg2 a5 19. Qe2 b4 20. Bd2 Kf8 21. Be4 Qb6
22. Bxf5 gxf5 23. Be3 a4 24. Ka1 b3 25. a3 bxc2 26. Rde1 Rb8 27. Qxc2 Nxe3 28.
Rxe3 Qxd4 29. Rhe1 c5 30. Nf2 c4 31. Nd1 dxe5 32. fxe5 e6 33. Rc3 Rc8 34. Ne3
Qxe5 35. Re2 Qxg3 36. Rxc4 Rxc4 37. Nxc4 Kg8 38. Qxa4 Kh7 39. Qa7 Qd3 40. Re1
Qxc4 41. Qxf7 Ra8 42. Qxh5+ Kg8 43. Qf3 Bxb2+ 44. Kb1 Rc8 0-1

[Event "España tch DH-2 2009"]
[Site "Montcada i Reixac ESP"]
[Date "2009.09.19"]
[Round "4.15"]
[White "Cruz, Christian"]
[Black "Ubilava, Elizbar"]
[Result "0-1"]
[WhiteElo "2531"]
[BlackElo "2534"]
[PlyCount "126"]
[EventDate "2009.09.16"]
[EventType "team"]
[EventRounds "5"]
[EventCountry "ESP"]
[Source "lmi"]
[SourceDate "2009.09.16"]
[WhiteTeam "SCC Sabadell"]
[BlackTeam "C.A. Solvay"]

1. d4 d5 2. c4 e6 3. Nc3 Be7 4. cxd5 exd5 5. Bf4 Nf6 6. e3 Bf5 7. h3 c6 8. g4
Bg6 9. Nf3 Ne4 10. Ne5 Bh4 11. Rh2 Nd7 12. Nxg6 hxg6 13. Nxe4 dxe4 14. Qb3 Qa5+
15. Qc3 Qxc3+ 16. bxc3 O-O-O 17. Rh1 Nb6 18. c4 c5 19. d5 Rhe8 20. g5 f5 21.
Rb1 Nd7 22. Be2 Ne5 23. Rb5 b6 24. a4 Kd7 25. a5 Rb8 26. Rf1 Nf7 27. Bxb8 Rxb8
28. Kd2 Kc7 29. Ra1 Nd6 30. axb6+ axb6 31. Ra7+ Rb7 32. Rxb7+ Kxb7 33. Rb1 Bxf2
34. Rc1 Bh4 35. Rg1 Nf7 36. Bd1 Ne5 37. Be2 Nf7 38. Bd1 Ne5 39. Be2 Kb8 40. Rg2
Kc7 41. Kc3 Nf7 42. Bd1 Bxg5 43. Ra2 Kb8 44. Ba4 Bxe3 45. Bc6 Ne5 46. Ra8+ Kc7
47. Bb5 Bg5 48. Ra7+ Kd6 49. Rb7 f4 50. Rxb6+ Kc7 51. Re6 f3 52. d6+ Kb7 53.
Re7+ Kb6 54. Rxe5 Bf6 55. Kd2 Bxe5 56. d7 Bf6 57. Ke3 Kc7 58. Ba4 Bg5+ 59. Kf2
Kd6 60. Kg3 Ke5 61. h4 Bd8 62. Bc6 Kd4 63. Bd5 Ke3 0-1

[Event "España tch DH-2 2009"]
[Site "Montcada i Reixac ESP"]
[Date "2009.09.19"]
[Round "4.16"]
[White "Bernal Moro, Luis Javier"]
[Black "Rodriguez Cespedes, Amador"]
[Result "1/2-1/2"]
[WhiteElo "2438"]
[BlackElo "2453"]
[PlyCount "29"]
[EventDate "2009.09.16"]
[EventType "team"]
[EventRounds "5"]
[EventCountry "ESP"]
[Source "lmi"]
[SourceDate "2009.09.16"]
[WhiteTeam "C.A. Solvay"]
[BlackTeam "SCC Sabadell"]

1. c4 Nf6 2. Nc3 e5 3. Nf3 Nc6 4. e3 Be7 5. a3 O-O 6. Qc2 d6 7. b4 Re8 8. Bb2
Bf8 9. Be2 Bg4 10. h3 Bh5 11. d3 Bg6 12. Nh4 a5 13. b5 Ne7 14. Bf3 c6 15. bxc6
1/2-1/2

[Event "España tch DH-2 2009"]
[Site "Montcada i Reixac ESP"]
[Date "2009.09.19"]
[Round "4.21"]
[White "Laznicka, Viktor"]
[Black "Ponomariov, Ruslan"]
[Result "1/2-1/2"]
[WhiteElo "2634"]
[BlackElo "2741"]
[PlyCount "38"]
[EventDate "2009.09.16"]
[EventType "team"]
[EventRounds "5"]
[EventCountry "ESP"]
[Source "lmi"]
[SourceDate "2009.09.16"]
[WhiteTeam "U.E. Montcada"]
[BlackTeam "Linex - Magic"]

1. Nf3 g6 2. c4 Bg7 3. Nc3 c5 4. g3 b6 5. d4 cxd4 6. Nxd4 Bb7 7. e4 Nc6 8. Be3
Nf6 9. Bg2 Ng4 10. Qxg4 Nxd4 11. Qd1 Ne6 12. Rc1 O-O 13. O-O f5 14. f4 fxe4 15.
Qd2 Nc5 16. Bd4 e6 17. Rcd1 a5 18. Qe3 Bxd4 19. Qxd4 Qf6 1/2-1/2

[Event "España tch DH-2 2009"]
[Site "Montcada i Reixac ESP"]
[Date "2009.09.19"]
[Round "4.22"]
[White "Shirov, Alexei"]
[Black "Markos, Jan"]
[Result "1-0"]
[WhiteElo "2730"]
[BlackElo "2565"]
[PlyCount "67"]
[EventDate "2009.09.16"]
[EventType "team"]
[EventRounds "5"]
[EventCountry "ESP"]
[Source "lmi"]
[SourceDate "2009.09.16"]
[WhiteTeam "Linex - Magic"]
[BlackTeam "U.E. Montcada"]

1. e4 c5 2. Nf3 Nc6 3. d4 cxd4 4. Nxd4 Nf6 5. Nc3 e5 6. Ndb5 d6 7. Bg5 a6 8.
Na3 b5 9. Bxf6 gxf6 10. Nd5 Bg7 11. Bd3 Ne7 12. Nxe7 Qxe7 13. c4 f5 14. O-O O-O
15. Qh5 Rb8 16. exf5 e4 17. Rae1 Bb7 18. Qg4 Kh8 19. Bxe4 Bxb2 20. Re3 Bxe4 21.
Rxe4 Qf6 22. Nc2 bxc4 23. Rxc4 d5 24. Rb4 Bc3 25. Rxb8 Rxb8 26. Ne3 d4 27. Nd5
Qe5 28. f6 Rg8 29. Qd7 Qe8 30. Qe7 Ba5 31. Rd1 Qa4 32. Qe2 Rg5 33. Rb1 Rxd5 34.
Qg4 1-0

[Event "España tch DH-2 2009"]
[Site "Montcada i Reixac ESP"]
[Date "2009.09.19"]
[Round "4.23"]
[White "Del Rio De Angelis, Salvador G"]
[Black "Adams, Michael"]
[Result "0-1"]
[WhiteElo "2559"]
[BlackElo "2682"]
[PlyCount "61"]
[EventDate "2009.09.16"]
[EventType "team"]
[EventRounds "5"]
[EventCountry "ESP"]
[Source "lmi"]
[SourceDate "2009.09.16"]
[WhiteTeam "U.E. Montcada"]
[BlackTeam "Linex - Magic"]

1. d4 Nf6 2. c4 e6 3. Nc3 Bb4 4. e3 O-O 5. Bd3 d5 6. Nf3 c5 7. O-O Nc6 8. a3
Ba5 9. h3 dxc4 10. Bxc4 h6 11. Qd3 cxd4 12. exd4 Bc7 13. Re1 Ne7 14. Bd2 b6 15.
Rad1 Bb7 16. Ne5 a6 17. Bc1 Nfd5 18. Ba2 Rc8 19. Bb1 f5 20. Ba2 b5 21. Nb1 Kh8
22. Qg3 Rf6 23. Nd2 Bxe5 24. Qxe5 Ng6 25. Qg3 Ndf4 26. d5 Bxd5 27. Bxd5 Qxd5
28. Kh2 Qc6 29. Nf3 Nd5 30. Nd4 Qb6 31. Qf3 0-1

[Event "España tch DH-2 2009"]
[Site "Montcada i Reixac ESP"]
[Date "2009.09.19"]
[Round "4.24"]
[White "Cheparinov, Ivan"]
[Black "Narciso Dublan, Marc"]
[Result "1-0"]
[WhiteElo "2667"]
[BlackElo "2533"]
[PlyCount "73"]
[EventDate "2009.09.16"]
[EventType "team"]
[EventRounds "5"]
[EventCountry "ESP"]
[Source "lmi"]
[SourceDate "2009.09.16"]
[WhiteTeam "Linex - Magic"]
[BlackTeam "U.E. Montcada"]

1. e4 Nf6 2. e5 Nd5 3. d4 d6 4. Nf3 c6 5. Be2 dxe5 6. Nxe5 Bf5 7. g4 Be6 8. c4
Nb6 9. b3 f6 10. Nd3 Qxd4 11. Bb2 Qd8 12. Nc3 Na6 13. Qd2 Qc7 14. Qe3 Bf7 15.
Rc1 Nd7 16. Ne4 e5 17. g5 f5 18. g6 Bxg6 19. Ng5 Ba3 20. Ne6 Qa5+ 21. Bc3 Bxc1
22. Qxc1 Qxa2 23. c5 Qxb3 24. Nxg7+ Kd8 25. Nxe5 Nxe5 26. Bxe5 Qd5 27. Bf6+ Kc8
28. O-O Nxc5 29. Rd1 Qf7 30. Rd6 b6 31. Rxc6+ Kb7 32. Rxc5 bxc5 33. Qb2+ Kc7
34. Be5+ Kd8 35. Qd2+ Qd7 36. Qa5+ Ke7 37. Qxc5+ 1-0

[Event "España tch DH-2 2009"]
[Site "Montcada i Reixac ESP"]
[Date "2009.09.19"]
[Round "4.25"]
[White "Comas Fabrego, Lluis"]
[Black "Caruana, Fabiano"]
[Result "1/2-1/2"]
[WhiteElo "2519"]
[BlackElo "2662"]
[PlyCount "70"]
[EventDate "2009.09.16"]
[EventType "team"]
[EventRounds "5"]
[EventCountry "ESP"]
[Source "lmi"]
[SourceDate "2009.09.16"]
[WhiteTeam "U.E. Montcada"]
[BlackTeam "Linex - Magic"]

1. d4 d5 2. c4 c6 3. Nf3 Nf6 4. Nc3 e6 5. e3 Nbd7 6. Bd3 dxc4 7. Bxc4 b5 8. Be2
Bb7 9. O-O a6 10. e4 c5 11. e5 Nd5 12. a4 b4 13. Ne4 Qc7 14. Qd3 Rc8 15. a5 h6
16. Bd2 Be7 17. Rfc1 O-O 18. Bd1 Qb8 19. Ba4 Rfd8 20. Bxd7 c4 21. Rxc4 Rxc4 22.
Qxc4 Rxd7 23. Nc5 Bxc5 24. dxc5 Ne7 25. Qxb4 Qa8 26. Qc3 Qd8 27. Be3 Nf5 28.
Ne1 Bc6 29. f3 h5 30. Bf2 h4 31. h3 Rd2 32. Be3 Re2 33. Bf2 Rd2 34. Be3 Rd5 35.
Bf2 Rd2 1/2-1/2

[Event "España tch DH-2 2009"]
[Site "Montcada i Reixac ESP"]
[Date "2009.09.19"]
[Round "4.26"]
[White "Perez Candelario, Manuel"]
[Black "Hernando Rodrigo, Jose Maria"]
[Result "1-0"]
[WhiteElo "2516"]
[BlackElo "2342"]
[PlyCount "77"]
[EventDate "2009.09.16"]
[EventType "team"]
[EventRounds "5"]
[EventCountry "ESP"]
[Source "lmi"]
[SourceDate "2009.09.16"]
[WhiteTeam "Linex - Magic"]
[BlackTeam "U.E. Montcada"]

1. e4 e6 2. d4 d5 3. Nd2 dxe4 4. Nxe4 Bd7 5. Nf3 Bc6 6. Bd3 Bxe4 7. Bxe4 c6 8.
c3 Nf6 9. Bc2 Nbd7 10. O-O g6 11. Re1 Bg7 12. Bg5 h6 13. Bf4 O-O 14. Qd2 Kh7
15. Rad1 Re8 16. Qc1 Nh5 17. Bd6 Bf8 18. Be5 Qe7 19. Rd3 Rad8 20. h4 Bg7 21.
Bc7 Rc8 22. Bh2 Kg8 23. a3 Qf8 24. Ne5 Qe7 25. Nc4 Red8 26. Rf3 Nb6 27. Ne5 Rf8
28. g4 Nf6 29. Bf4 Nfd7 30. Rh3 Nxe5 31. dxe5 Rcd8 32. Bxh6 Rd5 33. h5 f5 34.
Rg3 gxh5 35. gxh5 Rf7 36. Bg5 Qd7 37. h6 Bh8 38. Bf6+ Kh7 39. Qg5 1-0